[Event "21st World Seniors"]
[Site "Rijeka CRO"]
[Date "2011.11.24"]
[Round "9.24"]
[White "Trescher,M"]
[Black "Brinck Claussen,B"]
[Result "0-1"]
[WhiteElo "2218"]
[BlackElo "2263"]

1.e4 c5 2.Nf3 e6 3.d4 cxd4 4.Nxd4 a6 5.Bd3 Bc5 6.Nb3 Be7 7.O-O d6 8.Nc3 Nf6
9.Qe2 Nbd7 10.f4 Qc7 11.Kh1 b5 12.e5 dxe5 13.fxe5 Qxe5 14.Qf3 Ra7 15.Bf4 Qh5
16.Qf2 Rb7 17.Be2 Qg6 18.Bd3 Qh5 19.Be2 Qg6 20.Bf3 e5 21.Bxb7 Bxb7 22.Bg3 Ng4
23.Qf5 Bxg2+ 24.Kg1 Bxf1 25.Qxg6 hxg6 26.Rxf1 f5 27.Nd5 Bd8 28.Re1 Kf7 29.Kg2 f4
30.h3 Ngf6 31.Nxf6 gxf6 32.Bf2 f5  0-1

[Event "XXVII Silesian Cup"]
[Site "Legnica POL"]
[Date "2011.11.25"]
[Round "3"]
[White "Tomczak,J"]
[Black "Hnydiuk,A"]
[Result "1-0"]
[WhiteElo "2544"]
[BlackElo "2431"]

1.e4 c5 2.Nf3 e6 3.d4 cxd4 4.Nxd4 a6 5.Bd3 Nf6 6.O-O e5 7.Nf3 Nc6 8.Bc4 Bc5
9.Nc3 d6 10.Bg5 h6 11.Bxf6 Qxf6 12.Nd5 Qd8 13.c3 O-O 14.Qd3 g6 15.a4 Kg7
16.b4 Ba7 17.Rab1 f5 18.Nd2 Ne7 19.Nxe7 Qxe7 20.Bd5 Rb8 21.Rbd1 Bd7 22.a5 Bb5
23.c4 Ba4 24.Ra1 Bd7 25.b5 Bd4 26.Rab1 fxe4 27.Bxe4 axb5 28.cxb5 Be6 29.Nb3 Bxb3
30.Qxb3 Qd8 31.g3 Qxa5 32.Qe6 Rf6 33.Qe7+ Rf7 34.Qxd6 Rh8 35.Qxg6+ Kf8 36.Bd5 Rxf2
37.Rxf2+ Bxf2+ 38.Kg2  1-0

[Event "XII Puhajarve Handicap"]
[Site "Puhajarve EST"]
[Date "2011.11.25"]
[Round "17"]
[White "Schuls,O"]
[Black "Kulaots,K"]
[Result "0-1"]
[WhiteElo "2224"]
[BlackElo "2577"]

1.e4 c5 2.Nf3 e6 3.d4 cxd4 4.Nxd4 a6 5.Bd3 Bc5 6.Nb3 Be7 7.Nc3 d6 8.O-O Nf6
9.Kh1 O-O 10.f4 Nbd7 11.Be3 b5 12.a3 Bb7 13.Qe2 Rc8 14.Rae1 Nb6 15.Bc1 Nc4
16.Nd4 Nxa3 17.bxa3 Rxc3 18.Bb2 Rc8 19.Nf3 d5 20.exd5 Nxd5 21.Ne5 Bf6 22.f5 exf5
23.Rxf5 Rc7 24.Ref1 g6 25.Qf2 gxf5 26.Qxf5 Re8 27.Qxh7+ Kf8 28.Ng6+ fxg6
29.Qh8+ Ke7 30.Bxf6+ Nxf6 31.Qxf6+ Kd7 32.Bf5+ gxf5 33.Rd1+ Kc8 34.Qxf5+ Rd7  0-1

[Event "Malta Open"]
[Site "Bugibba MLT"]
[Date "2011.11.26"]
[Round "9.6"]
[White "Smith,Ax"]
[Black "Erdelyi,T"]
[Result "1-0"]
[WhiteElo "2480"]
[BlackElo "2126"]

1.e4 c5 2.Nf3 e6 3.d4 cxd4 4.Nxd4 a6 5.Bd3 Bc5 6.Nb3 Be7 7.Qg4 g6 8.Qe2 d6
9.O-O Nd7 10.Na3 Ne5 11.Nc4 Nxc4 12.Bxc4 Qc7 13.a4 Bd7 14.a5 Rc8 15.Bd3 h5
16.Nd2 Nf6 17.Nc4 Bc6 18.Nb6 Rd8 19.c4 O-O 20.Bf4 Ng4 21.b4 Bf6 22.Rac1 Qe7
23.h3 Ne5 24.Bb1 Be8 25.Qd2 Bc6 26.Rfd1 Kh7 27.Be3 g5 28.Nd5 exd5 29.exd5+ Kh6
30.dxc6 bxc6 31.Bb6 Rde8 32.Qxd6 Qxd6 33.Rxd6 Kg7 34.Bd4 Rd8 35.Bxe5 Bxe5
36.Rxc6 Rd2 37.Rxa6 Bd4 38.Rf1 Re8 39.Rd6 Bxf2+ 40.Rxf2 Rxd6 41.Rb2 g4 42.hxg4 hxg4
43.Kf2 f5 44.Kg3 Kf6 45.Rf2 Re3+ 46.Kh4 Re5 47.b5 Rd4 48.a6 Rxc4 49.Rxf5+ Rxf5
50.Bxf5 Kxf5 51.a7 Rc8 52.Kg3 Rc3+ 53.Kf2  1-0

[Event "21st World Seniors"]
[Site "Rijeka CRO"]
[Date "2011.11.26"]
[Round "11.18"]
[White "Filipenko,A"]
[Black "Brinck Claussen,B"]
[Result "1/2-1/2"]
[WhiteElo "2353"]
[BlackElo "2263"]

1.e4 c5 2.Nf3 e6 3.d4 cxd4 4.Nxd4 a6 5.Bd3 Bc5 6.Nb3 Be7 7.Qg4 g6 8.Qe2 d6
9.O-O Nd7 10.c4 b6 11.Nc3 Bb7 12.a4 Nc5 13.Nxc5 bxc5 14.e5 dxe5 15.Be4 Bxe4
16.Qxe4 Nf6 17.Qc6+ Nd7 18.Bh6 Qc8 19.Qf3 Rb8 20.Rad1 f5 21.Qh3 Kf7 22.Rd2 Qb7
23.Rfd1 Rbd8 24.f3 Nf6 25.Bg5 Rxd2 26.Rxd2 Rd8 27.Re2 h5 28.Qg3 e4 29.fxe4 Nxe4
30.Nxe4 Rd1+ 31.Kf2 fxe4 32.Qf4+ Kg8 33.Bxe7 Qxe7 34.Rxe4 Rd8 35.Qe5 Rd2+
36.Kg3 Rd3+ 37.Re3 Rxe3+ 38.Qxe3 Qd6+ 39.Qf4 e5 40.Qe4 Kg7 41.h4 a5 42.Qd5 Qf6  1/2-1/2

[Event "TCh-SVK Extraliga 2011-12"]
[Site "Slovakia SVK"]
[Date "2011.11.27"]
[Round "4"]
[White "Manik,M"]
[Black "Zpevak,P"]
[Result "1/2-1/2"]
[WhiteElo "2405"]
[BlackElo "2392"]

1.e4 c5 2.Nf3 e6 3.d4 cxd4 4.Nxd4 a6 5.Bd3 g6 6.c4 Bg7 7.Be3 Nf6 8.Nc3 d6
9.h3 O-O 10.O-O b6 11.Qd2 Bb7 12.Bh6 Nbd7 13.Bxg7 Kxg7 14.Rfe1 Rc8 15.b3 Qc7
16.Rac1 Rfd8 17.Qe3 Qc5 18.Bb1 e5 19.Nf3 Qxe3 20.Rxe3  1/2-1/2

[Event "25th Belgrade Trophy"]
[Site "Obrenovac SRB"]
[Date "2011.11.28"]
[Round "5.20"]
[White "Janev,T"]
[Black "Jovicic,R"]
[Result "1-0"]
[WhiteElo "2366"]
[BlackElo "2197"]

1.e4 c5 2.Nf3 e6 3.d4 cxd4 4.Nxd4 a6 5.Bd3 Nc6 6.Nxc6 dxc6 7.O-O e5 8.Nd2 Nf6
9.Nc4 Bd6 10.b3 O-O 11.Bb2 Re8 12.h3 Bc7 13.Qf3 b5 14.Ne3 Be6 15.a4 Nd7 16.Qg3 Qf6
17.b4 Qf4 18.Qxf4 exf4 19.Nf5 Bxf5 20.exf5 Be5 21.Bxe5 Nxe5 22.Be4 Rac8 23.Rfd1 Kf8
24.f6 gxf6 25.Bxh7 Red8 26.Bf5 Rb8 27.axb5 axb5 28.Kf1 Ra8 29.Ke2 Kg7 30.Rxa8 Rxa8
31.Rd4 Ra4 32.Rxf4 c5 33.Kd1 cxb4 34.Rd4 Ra1+ 35.Ke2 Rb1 36.f4 Nc4 37.Rd3 Na5
38.Rd7 Kf8 39.Rd8+ Kg7 40.Rd7 Kf8 41.Be4 Rb2 42.Kf3 b3 43.cxb3 Rxb3+ 44.Kg4 Nc4
45.h4 Ne3+ 46.Kg3 f5 47.Rd3 Rb4 48.Rxe3 Rxe4 49.Rd3 b4 50.Rd5 Re3+ 51.Kf2 Rb3
52.Rxf5 Rb1 53.Rb5 b3 54.g4 b2 55.Kg2 Kg7 56.h5 f6 57.Rb6 Kh7 58.g5 fxg5
59.fxg5 Rc1 60.Rxb2 Rc5 61.Rb7+ Kg8 62.Rb8+ Kg7 63.h6+ Kg6 64.Rg8+ Kh7 65.Rg7+ Kh8  1-0

[Event "X Mario Covas"]
[Site "Santos BRA"]
[Date "2011.11.28"]
[Round "4.5"]
[White "Fusco,L"]
[Black "Mareco,S"]
[Result "1/2-1/2"]
[WhiteElo "2383"]
[BlackElo "2583"]

1.e4 c5 2.Nf3 e6 3.d4 cxd4 4.Nxd4 a6 5.Bd3 Bc5 6.Nb3 Be7 7.c4 d6 8.O-O Nf6
9.Nc3 b6 10.Be3 O-O 11.Qe2 Bb7 12.Rfd1 Qc7 13.Rac1 Nbd7 14.Nd2 Rac8 15.Bb1 Rfe8
16.f3 Qb8 17.Qf2 Ba8 18.Bd3 Bd8 19.Kh1 Bc7 20.Nf1 Bc6 21.a4 a5 22.Bc2 Bd8
23.b3 Be7 24.Ng3 Nc5 25.Nge2 Rcd8 26.Nf4 Nfd7 27.Nfe2 Bb7 28.Rd2 Ne5 29.Rcd1 Nc6
30.Na2 Bf6 31.Bf4 Be5 32.Bg5 f6 33.Be3 g5 34.g3 Ne7 35.Nac3 Ng6 36.Kg1 Rf8
37.f4 gxf4 38.gxf4  1/2-1/2

[Event "61st ch-GRE 2011"]
[Site "Chania GRE"]
[Date "2011.11.30"]
[Round "4"]
[White "Pavlidis,Ant"]
[Black "Naoum,S"]
[Result "1-0"]
[WhiteElo "2414"]
[BlackElo "2131"]

1.e4 c5 2.Nf3 e6 3.d4 cxd4 4.Nxd4 a6 5.Bd3 Bc5 6.Nb3 Be7 7.Be3 d6 8.N1d2 Nf6
9.f4 Nc6 10.Qe2 Qc7 11.c3 e5 12.f5 d5 13.O-O O-O 14.g4 h6 15.h4 dxe4 16.Nxe4 Nxe4
17.Bxe4 f6 18.g5 fxg5 19.hxg5 Bxg5 20.Bxg5 hxg5 21.Bd5+ Rf7 22.Qc4 Kf8 23.Bxf7 Qxf7
24.Qxf7+ Kxf7 25.Rad1 g6 26.fxg6+ Kxg6 27.Rf8 Rb8 28.Nc5 b6 29.Ne4 Bb7 30.Rd6+ Kh5
31.Nf6+ Kh4 32.Rxb8 Nxb8 33.Rxb6  1-0

[Event "TCh-CZE Extraliga 2011-12"]
[Site "Czech Republic CZE"]
[Date "2011.12.04"]
[Round "4.2"]
[White "Najer,E"]
[Black "Jaracz,P"]
[Result "1/2-1/2"]
[WhiteElo "2637"]
[BlackElo "2558"]

1.e4 c5 2.Nf3 e6 3.d4 cxd4 4.Nxd4 a6 5.Bd3 Bc5 6.Nb3 Be7 7.Qg4 g6 8.Qe2 d6
9.O-O Nc6 10.Rd1 Ne5 11.h3 Bd7 12.Na3 h5 13.Nc4 Nf6 14.Nba5 Qc7 15.Be3 Nxc4
16.Nxc4 O-O 17.Bb6 Qc6 18.Qe3 e5 19.Na5 Qc8 20.Qe2 Be6 21.c4 Bd8 22.Bxd8 Rxd8
23.b4 b6 24.Nb3 a5 25.a3 axb4 26.axb4 Qc6 27.Nd2 Rxa1 28.Rxa1 Ra8 29.Qd1 Qb7
30.Qc1 Ra7 31.Qc3 Nd7 32.Rd1 Qa8  1/2-1/2

[Event "80th Anniversary Mollet GM"]
[Site "Mollet del Valles ESP"]
[Date "2011.12.04"]
[Round "5"]
[White "Cuartas,Ja"]
[Black "Cruz,F"]
[Result "1-0"]
[WhiteElo "2522"]
[BlackElo "2442"]

1.e4 c5 2.Nf3 e6 3.d4 cxd4 4.Nxd4 a6 5.Bd3 Nc6 6.Nxc6 dxc6 7.O-O e5 8.Nd2 Qc7
9.a4 Bc5 10.Nc4 Nf6 11.Qf3 O-O 12.Bg5 Ne8 13.a5 Be6 14.Nb6 Rb8 15.Be3 Bxe3
16.Qxe3 Rd8 17.Rfd1 Nd6 18.Qc5 f6 19.f3 Nf7 20.Be2 Rfe8 21.Na4 Rxd1+ 22.Rxd1 Rd8
23.Rxd8+ Qxd8 24.Qc3 Qd6 25.Nc5 Nd8 26.Qb4 Qf8 27.Qb6 Bc8 28.Kf1 Qe7 29.Bc4+ Kf8
30.Ke2 g6 31.b4 Qd6 32.c3 Ke7 33.g3 f5 34.Qa7 Kf6 35.h4 h6 36.Qb6 Ke7 37.h5 Kf6
38.hxg6 Kxg6 39.exf5+ Bxf5 40.Nxb7 Nxb7 41.Qxb7 e4 42.Qf7+ Kg5 43.Qg7+ Bg6
44.f4+ Kg4 45.Qxh6 Kxg3 46.Ke3  1-0

[Event "2nd JAHV McGregor Open"]
[Site "Bogota COL"]
[Date "2011.12.06"]
[Round "2"]
[White "Loaiza,Y"]
[Black "Martinez,Jor"]
[Result "0-1"]
[WhiteElo "1936"]
[BlackElo "2200"]

1.e4 c5 2.Nf3 e6 3.d4 cxd4 4.Nxd4 a6 5.Bd3 Qc7 6.Qe2 d6 7.O-O Nf6 8.c4 Be7
9.Nc3 b6 10.Bd2 Bb7 11.b3 Nbd7 12.Rae1 h5 13.Kh1 h4 14.h3 Rc8 15.f4 Nh5 16.Rf3 Bf6
17.Qf2 Ng3+ 18.Kh2 Qc5 19.Nde2 Qxf2 20.Rxf2 Nc5 21.Bb1 Bxe4 22.Ng1 Bd4 23.Nxe4 Ncxe4
24.Rfe2 Nxe2 25.Nxe2 Nxd2 26.Nxd4 Nxb1 27.Rxb1 Ke7 28.Re1 Kf6 29.a4 Rhd8
30.Nf3 d5 31.cxd5 Rxd5 32.Re4 Rc3 33.Rb4 b5 34.Nxh4 a5 35.Rxb5 Rxb5 36.axb5  0-1

[Event "2nd JAHV McGregor Open"]
[Site "Bogota COL"]
[Date "2011.12.07"]
[Round "4"]
[White "Perez Rodriguez,L"]
[Black "Martinez,Jor"]
[Result "1/2-1/2"]
[WhiteElo "2475"]
[BlackElo "2200"]

1.e4 c5 2.Nf3 e6 3.d4 cxd4 4.Nxd4 a6 5.Bd3 Qc7 6.O-O Nf6 7.Qe2 d6 8.f4 Nbd7
9.c4 b6 10.Nc3 Be7 11.Bd2 Bb7 12.Kh1 h5 13.Rac1 Rc8 14.f5 e5 15.Nd5 Qb8 16.Nc2 Qa8
17.Ncb4 h4 18.Nxf6+ Bxf6 19.Nd5 h3 20.g4 Bd8 21.g5 b5 22.b3 Nc5  1/2-1/2

[Event "2nd JAHV McGregor Open"]
[Site "Bogota COL"]
[Date "2011.12.09"]
[Round "7"]
[White "Bejarano U,Danny Andres"]
[Black "Sanchez L,S"]
[Result "0-1"]
[WhiteElo "2002"]
[BlackElo "2169"]

1.e4 c5 2.Nf3 e6 3.d4 cxd4 4.Nxd4 a6 5.Bd3 Nf6 6.O-O Qc7 7.c4 d6 8.Nc3 Nbd7
9.f3 b6 10.Be3 Bb7 11.Rc1 Be7 12.Re1 O-O 13.b3 Rac8 14.Bb1 h5 15.Qd2 Qb8
16.Qf2 Rfe8 17.Nde2 Bd8 18.Red1 Ba8 19.Qg3 Bc7 20.Bh6 g6 21.Bf4 Ne5 22.Bg5 Nh7
23.f4 Ng4 24.h3 Ngf6 25.e5 dxe5 26.Bxg6 exf4 27.Bxh7+ Nxh7 28.Bxf4+ Kh8 29.Rd7 Rg8
30.Bxc7 Rxg3 31.Bxb8 Rxg2+ 32.Kf1 Rxb8 33.Nf4 Rg7 34.Rcd1 Nf6 35.Re7 Kg8
36.Na4 Rg5 37.Kf2 Rf5 38.Ke3 b5 39.cxb5 axb5 40.Nb6 Rxb6 41.Rd8+ Kg7 42.Rxa8 Rxf4  0-1

[Event "2nd JAHV McGregor Open"]
[Site "Bogota COL"]
[Date "2011.12.10"]
[Round "8"]
[White "Herrera,Jua"]
[Black "Ruiz Aguilar,P"]
[Result "1-0"]
[WhiteElo "2141"]
[BlackElo "2294"]

1.e4 c5 2.Nf3 e6 3.d4 cxd4 4.Nxd4 a6 5.Bd3 Bc5 6.Nb3 Be7 7.O-O Nc6 8.f4 d6
9.Be3 Nf6 10.Qf3 O-O 11.Kh1 e5 12.f5 d5 13.N1d2 Nb4 14.Rad1 Nxd3 15.cxd3 a5
16.d4 a4 17.dxe5 axb3 18.exf6 Bxf6 19.axb3 Re8 20.Nc4 Rxe4 21.Nb6 Qe8 22.Nxa8 Rxe3
23.Nc7 Qe5 24.Qxe3 Qxe3 25.Rfe1 d4 26.Nd5 Qxe1+ 27.Rxe1 Bd7 28.Nxf6+ gxf6
29.Rd1 Bxf5 30.Rxd4 Be6 31.b4 Kf8 32.Kg1 Ke7 33.Kf2 Ba2 34.Ke3 Ke6 35.Rh4 Bb1
36.Kd4 Kd6 37.Rf4 Ke6 38.Kc5 Ke5 39.g3 f5 40.Rh4 Kf6 41.Kb6 Be4 42.Rxh7 Kg6
43.Rh4 Bg2 44.b5 Kg5 45.Kc7 f6 46.b6 Bc6 47.Kd6 Bg2 48.Ke6 Be4 49.Rh8 Kg6
50.Rg8+ Kh7 51.Rf8 Kg6 52.Rxf6+ Kg5 53.h3 Bd3 54.Ke5 Be4 55.h4+ Kg4 56.Rg6+  1-0

[Event "Arab Games Blitz Men"]
[Site "Doha QAT"]
[Date "2011.12.10"]
[Round "2"]
[White "El Jawich,A"]
[Black "Ayyad,M"]
[Result "0-1"]
[WhiteElo "2139"]
[BlackElo "2157"]

1.e4 c5 2.Nf3 e6 3.d4 cxd4 4.Nxd4 a6 5.Bd3 Qc7 6.O-O Nf6 7.Be3 Nc6 8.c3 d5
9.Nd2 Ne5 10.Bf4 Bd6 11.Bxe5 Bxe5 12.N4f3 Bd6 13.Re1 Be7 14.exd5 Nxd5 15.Ne5 O-O
16.Qc2 g6 17.Ndf3 b5 18.Rad1 Bb7 19.Nxg6 hxg6 20.Bxg6 Nf6 21.Ne5 Kg7 22.Re3 Bd6
23.Rg3 Bxe5 24.Bxf7+ Kxf7 25.Qg6+ Ke7 26.Re3 Rg8 27.Qh6 Rxg2+ 28.Kf1 Qc4+
29.Re2 Rag8  0-1

[Event "13th Metropolitan GM"]
[Site "Los Angeles USA"]
[Date "2011.12.10"]
[Round "6"]
[White "Ginsburg,M"]
[Black "Kekelidze,M"]
[Result "0-1"]
[WhiteElo "2367"]
[BlackElo "2443"]

1.e4 c5 2.Nf3 e6 3.d4 cxd4 4.Nxd4 a6 5.Bd3 Nf6 6.Qe2 e5 7.Nf3 Nc6 8.O-O Bc5
9.a3 h6 10.b4 Ba7 11.c4 d6 12.Be3 Bg4 13.Bxa7 Rxa7 14.Nbd2 a5 15.Rab1 axb4
16.axb4 Ra4 17.c5 O-O 18.cxd6 Qxd6 19.Nc4 Qe7 20.Qe3 Bxf3 21.Qxf3 Rxb4 22.Ne3 Nd4
23.Qh3 b5 24.Nf5 Nxf5 25.Qxf5 Rxb1 26.Rxb1 b4 27.h3 Rb8 28.Bc4 Ne8 29.Bd5 Nd6
30.Qh5 Nb5 31.Kh2 Nc3 32.Rb3 Qf6 33.Kg1 Rb6 34.Qg4 Qd8 35.Qf3 Rf6 36.Qd3 Qb6
37.Rb2 Qc5 38.Rd2 g6 39.Bb3 Kg7 40.Kf1 Rf4 41.Bd5 Nd1  0-1

[Event "TCh-CZE Liga 1 Zapad"]
[Site "Czech Rep CZE"]
[Date "2011.12.11"]
[Round "5.8"]
[White "Cmiko,J"]
[Black "Lacha,Jo"]
[Result "1/2-1/2"]
[WhiteElo "2052"]
[BlackElo "2065"]

1.e4 c5 2.Nf3 e6 3.d4 cxd4 4.Nxd4 a6 5.Bd3 Bc5 6.Nb3 Ba7 7.Qe2 d6 8.Be3 Nc6
9.O-O Nge7 10.Bxa7 Rxa7 11.Nc3 O-O 12.f4 b5 13.Kh1 Rc7 14.a4 b4 15.Nd1 a5
16.Ne3 f5 17.Nc4 Ra7 18.Rad1 d5 19.exd5 Nxd5 20.Qf2 Qc7 21.Nd4 Nxd4  1/2-1/2

[Event "TCh-CZE Liga 1 Zapad"]
[Site "Czech Rep CZE"]
[Date "2011.12.11"]
[Round "5.4"]
[White "Kovar,V"]
[Black "Orsag,Mil1"]
[Result "0-1"]
[WhiteElo "2308"]
[BlackElo "2407"]

1.e4 c5 2.Nf3 e6 3.d4 cxd4 4.Nxd4 a6 5.Bd3 Bc5 6.Nb3 Be7 7.O-O Nc6 8.Qg4 Bf6
9.Qe2 Nge7 10.Rd1 Qc7 11.c4 b6 12.Nc3 d6 13.Be3 O-O 14.Rac1 Ne5 15.Bb1 N7g6
16.f4 Nd7 17.Qd2 Be7 18.Nd4 Re8 19.a3 Bf8 20.Nf3 Rb8 21.Ne2 Rd8 22.Ng3 Bb7
23.Qf2 Bc6 24.Nd4 Ba8 25.f5 exf5 26.Ngxf5 Re8 27.Rf1 Nc5 28.Qg3 Nxe4 29.Qh3 Nf6
30.Nh6+ gxh6 31.Rxf6 Qe7 32.Rf3 Bxf3 33.Nf5 Qe5 34.Qxf3 Qxb2 35.Rf1 Rxe3
36.Nxe3 Qg7 37.Nf5 Qe5 38.Be4 Re8 39.Bd5 Kh8 40.Bxf7 Rc8 41.Qg4 b5 42.Nh4 Ne7
43.Be6 Rb8 44.cxb5 axb5 45.h3 h5 46.Qb4 Qxe6 47.a4 Nd5 48.Qb1 Bg7 49.axb5 Nc3
50.Qd3 Rxb5 51.Nf5 Ne2+ 52.Kh2 Qe5+ 53.Kh1 Rb8 54.Nxd6 Ng3+ 55.Kg1 Qd4+  0-1

[Event "3rd Balkan GP Individual"]
[Site "Podgorica MNE"]
[Date "2011.12.13"]
[Round "9"]
[White "Todorovic,GM"]
[Black "Filip,L"]
[Result "0-1"]
[WhiteElo "2482"]
[BlackElo "2471"]

1.e4 c5 2.Nf3 e6 3.d4 cxd4 4.Nxd4 a6 5.Bd3 Bc5 6.Nb3 Be7 7.O-O d6 8.Nc3 Nf6
9.f4 Nbd7 10.Qe2 Qc7 11.Bd2 b5 12.Rae1 b4 13.Nd1 O-O 14.e5 Nd5 15.Nf2 a5
16.Ng4 Ba6 17.Rf3 Bxd3 18.cxd3 a4 19.Nc1 Rfe8 20.Rh3 Nf8 21.Rf1 Rac8 22.Rhf3 Ng6
23.Qe4 Nh4 24.Rh3 Qc2 25.exd6 Qxd2 26.d7 Red8 27.dxc8=Q Rxc8 28.Ne2 Rc2 29.Rxh4 Bxh4
30.Nd4 Rc1 31.g3 h5 32.Nxe6 hxg4 33.Qxd5 Qe3+ 34.Kg2 Rc2+ 35.Kh1 Qxe6 36.Qxe6 fxe6
37.gxh4 Rxb2 38.f5 exf5 39.Rf4 a3  0-1

[Event "18th Zadar Open A"]
[Site "Zadar CRO"]
[Date "2011.12.14"]
[Round "6.18"]
[White "Mazi,L"]
[Black "Paljusaj,E"]
[Result "1-0"]
[WhiteElo "2353"]
[BlackElo "2352"]

1.e4 c5 2.Nf3 e6 3.d4 cxd4 4.Nxd4 a6 5.Bd3 Bc5 6.Nb3 Ba7 7.Nc3 Nc6 8.Qe2 Nge7
9.Be3 d5 10.Bxa7 Rxa7 11.exd5 Nxd5 12.Nxd5 Qxd5 13.Be4 Qg5 14.g3 O-O 15.f4 Qd8
16.Qe3 Ra8 17.Qc5 e5 18.Rd1 Qc7 19.Bxh7+ Kxh7 20.Qxf8 Bg4 21.Qxa8 exf4 22.Qe8 Ne5
23.Kd2  1-0

[Event "28th Geneva Open A"]
[Site "Geneva SUI"]
[Date "2011.12.27"]
[Round "2"]
[White "Sokolov,And1"]
[Black "Satta,V"]
[Result "1-0"]
[WhiteElo "2571"]
[BlackElo "2249"]

1.e4 c5 2.Nf3 e6 3.d4 cxd4 4.Nxd4 a6 5.Bd3 Bc5 6.Nb3 Be7 7.Be3 b6 8.N1d2 d5
9.Qg4 Bf6 10.exd5 exd5 11.Qe2 Ne7 12.O-O-O Nbc6 13.Kb1 O-O 14.h4 Re8 15.Bg5 Qd6
16.Nc4 Qc7 17.Ne3 Be5 18.f4 d4 19.fxe5 dxe3 20.Qxe3 Nxe5 21.Be4 Bf5 22.Rhe1 Bxe4
23.Qxe4 f6 24.Bf4 N7g6 25.Bg3 Rac8 26.Nd4 Qc4 27.b3 Qb4 28.h5 Nf8 29.Qd5+ Nf7
30.Nc6 Qc3 31.Re7  1-0

[Event "Zuerich Weihnachtsopen Masters"]
[Site "Zuerich SUI"]
[Date "2011.12.27"]
[Round "3"]
[White "Maltsev,L"]
[Black "Karrer,D"]
[Result "0-1"]
[WhiteElo "1899"]
[BlackElo "2181"]

1.e4 c5 2.Nf3 e6 3.d4 cxd4 4.Nxd4 a6 5.Bd3 Nc6 6.Nxc6 dxc6 7.O-O e5 8.Nd2 Qc7
9.a4 Nf6 10.Nc4 Be6 11.Qe2 Bc5 12.Be3 Nd7 13.Rfd1 O-O 14.a5 h6 15.c3 Rad8
16.Rd2 Bxe3 17.Qxe3 Bxc4 18.Bxc4 Nf6 19.Bd3 c5 20.b3 Rd6 21.f3 Rfd8 22.Kh1 R8d7
23.g3 Qd8 24.Rad1 Qxa5 25.c4 Qc3 26.f4 Ng4 27.Qxc5 Kh7 28.Qc8 Ne3 29.fxe5 Rxd3
30.Qxd7 Rxd7 31.Rxd7 Nxd1  0-1

[Event "48th Groningen Open A"]
[Site "Groningen NED"]
[Date "2011.12.28"]
[Round "7.10"]
[White "Duijker,R"]
[Black "Thesing,M"]
[Result "0-1"]
[WhiteElo "2204"]
[BlackElo "2409"]

1.e4 c5 2.Nf3 e6 3.d4 cxd4 4.Nxd4 a6 5.Bd3 Nf6 6.O-O Qc7 7.Qe2 d6 8.c4 g6
9.Nc3 Bg7 10.Nf3 O-O 11.Bf4 Nh5 12.Bg5 Bxc3 13.bxc3 e5 14.Nh4 Be6 15.g3 Nd7
16.f4 exf4 17.gxf4 Nb6 18.Nf5 f6 19.Bh6 Rfc8 20.Ne3 Nxc4 21.f5 Nxe3 22.fxe6 Nxf1
23.Rxf1 Qc5+ 24.Kh1 Qe5 25.Bc4 Kh8 26.Bd5 Rxc3 27.Bc1 Rac8 28.Bb2 b5 29.a3 Kg7
30.Qd2 a5 31.Bxc3 Rxc3 32.Rc1 b4 33.axb4 axb4 34.Rxc3 bxc3 35.Qf2 Nf4 36.Qa7+ Kh6
37.Qe3 c2 38.Qc1 Kg7 39.e7 Nxd5 40.e8=N+ Qxe8  0-1

[Event "48th Groningen Open A"]
[Site "Groningen NED"]
[Date "2011.12.29"]
[Round "8.14"]
[White "Nuri,Kam"]
[Black "De Jong,M"]
[Result "1-0"]
[WhiteElo "2256"]
[BlackElo "2367"]

1.e4 c5 2.Nf3 e6 3.d4 cxd4 4.Nxd4 a6 5.Bd3 Nf6 6.O-O e5 7.Bg5 d6 8.Nf5 Bxf5
9.Bxf6 gxf6 10.exf5 d5 11.c4 dxc4 12.Bxc4 Qxd1 13.Rxd1 Nc6 14.Nc3 Rc8 15.Nd5 Be7
16.Rac1 Rg8 17.Nb6 Rd8 18.Rxd8+ Bxd8 19.Nc8 Bc7 20.Bxa6 bxa6 21.Na7 Kd7 22.Nxc6 Bd6
23.Na5 Rg4 24.Nc4 Rd4 25.Kf1 Bc7 26.Ke2 h5 27.b3 Rf4 28.Ne3 Bb6 29.Rd1+ Kc6
30.g3 Re4 31.Rc1+ Kb5 32.a4+ Kb4 33.Kf3 Bxe3 34.fxe3 Rg4 35.Rc6 a5 36.Rb6+ Kc3
37.e4 Kd3 38.Rd6+ Kc3 39.Rxf6 Kxb3 40.Rxf7 Kxa4 41.Rb7 Rg8 42.f6 Ka3 43.f7  1-0

[Event "XLI Rilton Cup 2011-12"]
[Site "Stockholm SWE"]
[Date "2011.12.30"]
[Round "4"]
[White "Golikov,Nikolai"]
[Black "Blomqvist,E"]
[Result "1/2-1/2"]
[WhiteElo "2003"]
[BlackElo "2477"]

1.e4 c5 2.Nf3 e6 3.d4 cxd4 4.Nxd4 a6 5.Bd3 Bc5 6.Nb3 Be7 7.Qg4 g6 8.Qe2 d6
9.O-O Nd7 10.Nc3 Qc7 11.Bd2 b6 12.Rae1 Bb7 13.f4 h5 14.f5 gxf5 15.exf5 e5
16.Be4 Ngf6 17.Bxb7 Qxb7 18.Bg5 Rc8 19.Nd2 b5 20.Nde4 Nxe4 21.Nxe4 f6 22.Bh4 d5
23.Nf2 Qc6 24.Qf3 Qc4 25.Qg3 Kf8 26.Re3 Qxc2 27.Qg6 Qc1 28.Rfe1 Qd2 29.Nd3 Rc4
30.Nxe5 Nxe5 31.Rxe5 Rg8 32.Rxe7 Rxg6 33.fxg6 Re4 34.Rf7+ Kg8 35.Rxe4 dxe4
36.h3 e3 37.Bxf6 e2 38.Rg7+ Kf8 39.Rf7+  1/2-1/2

[Event "ch-AUS 2011-12"]
[Site "North Geelong AUS"]
[Date "2011.12.31"]
[Round "5.14"]
[White "Zulfic,F"]
[Black "Nakauchi,G"]
[Result "1/2-1/2"]
[WhiteElo "2087"]
[BlackElo "2116"]

1.e4 c5 2.Nf3 e6 3.d4 cxd4 4.Nxd4 a6 5.Bd3 Bc5 6.Nb3 Ba7 7.Qe2 Nc6 8.Nc3 d6
9.Be3 b5 10.O-O-O e5 11.f4 Nf6 12.Bxa7 Rxa7 13.f5 O-O 14.g4 g6 15.h4 Nd4
16.Nxd4 exd4 17.Nd5 Nxd5 18.exd5 Re7 19.Qf2 gxf5 20.gxf5 f6 21.Rdg1+ Kh8
22.Qxd4 Re5 23.h5 Rg8 24.h6 Qf8 25.Rxg8+ Qxg8 26.Rg1 Qxd5 27.Qh4 Qf7 28.Rg7 Qf8
29.Qd4 Re7 30.Rxe7 Qxe7 31.Qe4 Qxe4 32.Bxe4 Kg8 33.b4 Kf8 34.Kd2 Ke7 35.Ke3 d5
36.Bd3 Kd6 37.Kf4 Bd7 38.c3 Be8 39.Be2 Bf7 40.a3 Be8 41.Bd1 Bf7 42.Be2  1/2-1/2

[Event "Northern California International"]
[Site "Fremont USA"]
[Date "2012.01.03"]
[Round "2"]
[White "Rensch,D"]
[Black "Ramirez,Alej"]
[Result "0-1"]
[WhiteElo "2401"]
[BlackElo "2594"]

1.e4 c5 2.Nf3 e6 3.d4 cxd4 4.Nxd4 a6 5.Bd3 Nf6 6.O-O e5 7.Nb3 Nc6 8.Nc3 d6
9.h3 Be6 10.a3 Be7 11.Qe2 O-O 12.Bg5 Rc8 13.Rac1 Nd7 14.Bxe7 Nxe7 15.Rfd1 Ng6
16.Qe3 Nf4 17.Bf1 Nb6 18.Kh2 Nc4 19.Bxc4 Rxc4 20.Nd2 Rc6 21.Nf1 Qg5 22.Qf3 f5
23.exf5 Bxf5 24.Qg3 Qh5 25.Qe3 Qg6 26.Ng3 Bxc2 27.Nd5 Nxd5 28.Rxd5 Qe6 29.Qd2 Rfc8
30.Nf1 Bf5 31.Rxc6 Rxc6 32.Ng3 Bg6 33.b4 Bf7 34.Qg5 Qf6 35.Qxf6 gxf6 36.Rd2 d5
37.f4 Rc3 38.Nf5 e4 39.Nh6+ Kf8 40.Nxf7 e3 41.Rd1 Kxf7 42.Kg1 Rc2  0-1

[Event "Northern California International"]
[Site "Fremont USA"]
[Date "2012.01.03"]
[Round "2"]
[White "Rabin,E"]
[Black "Ni,V"]
[Result "1/2-1/2"]
[WhiteElo "2035"]
[BlackElo "2225"]

1.e4 c5 2.Nf3 e6 3.d4 cxd4 4.Nxd4 a6 5.Bd3 Bc5 6.c3 Ne7 7.Be3 d6 8.Nd2 Nd7
9.O-O e5 10.Nc2 Ng6 11.Be2 Nf6 12.Nc4 O-O 13.f3 Be6 14.Bxc5 dxc5 15.Qxd8 Raxd8
16.Rfd1 Rxd1+ 17.Rxd1 b5 18.N4e3 Rb8 19.b3 Kf8 20.Rd6 a5 21.c4 a4 22.cxb5 axb3
23.axb3 Bxb3 24.Na3 Nf4 25.Bc4 Bxc4 26.Nexc4 Ne2+ 27.Kf2 Nd4 28.Nxe5 Nxb5
29.Nxb5 Rxb5 30.g4 Rb2+ 31.Kg3 Rb3 32.Kf4 c4 33.Nxc4 g5+ 34.Kxg5 Ne8 35.Rh6 Rxf3
36.Rxh7 Kg8 37.Rh6 Kg7 38.e5 Nc7 39.Rf6 Rh3 40.Nd6 Ne6+ 41.Kf5 Rf3+ 42.Ke4 Ng5+
43.Kd5 Rxf6 44.Ne8+ Kg6 45.Nxf6 Nf3 46.h3 Kg5 47.Ne4+ Kf4 48.Nf6 Kg5 49.Kd6 Kh4
50.Ng8 Kg5 51.h4+ Kxg4 52.Nh6+  1/2-1/2

[Event "Cracovia Open A"]
[Site "Krakow POL"]
[Date "2012.01.03"]
[Round "8.26"]
[White "Wandzik,W"]
[Black "Klepaczka,T"]
[Result "1/2-1/2"]
[WhiteElo "2239"]
[BlackElo "2166"]

1.e4 c5 2.Nf3 e6 3.d4 cxd4 4.Nxd4 a6 5.Bd3 Qc7 6.Qe2 d6 7.O-O Nf6 8.Be3 Be7
9.c4 O-O 10.Nc3 b6 11.Rac1 Bb7 12.f4 Nbd7 13.b4 Rfe8 14.Nf3 Rac8 15.Kh1 Qb8
16.a3 a5 17.Bd2 Qa8 18.e5 dxe5 19.fxe5 Ng4 20.Bf4 axb4 21.axb4 Bxb4 22.Ne4 Nc5
23.Nxc5 Bxc5 24.Bxh7+ Kxh7 25.Ng5+ Kg8 26.Qxg4 Be4 27.Rc3 Be7 28.Rg3 Bxg5
29.Qxg5 Bg6 30.Qh4 Qe4 31.Rh3 Bh7 32.Re1 Qf5 33.Be3 Qd3 34.Bf4 Qf5 35.Bg5 Qc2
36.Rc1 Qe4 37.Qxe4 Bxe4 38.Re3 Bg6 39.Rb3 Rc6 40.Be3 Rec8 41.Bxb6 Rxc4 42.Rxc4 Rxc4  1/2-1/2

[Event "Cracovia Open A"]
[Site "Krakow POL"]
[Date "2012.01.03"]
[Round "8.38"]
[White "Leks,M"]
[Black "Poznanska,K"]
[Result "1-0"]
[WhiteElo "2106"]
[BlackElo "2077"]

1.e4 c5 2.Nf3 e6 3.d4 cxd4 4.Nxd4 a6 5.Bd3 g6 6.c4 Bg7 7.Nb3 Ne7 8.Nc3 O-O
9.O-O d5 10.cxd5 exd5 11.Bg5 f6 12.Bf4 Kh8 13.Bc2 Be6 14.Nc5 Bg8 15.exd5 Bxd5
16.Nxd5 Qxd5 17.Qxd5 Nxd5 18.Bd6 Rd8 19.Nxb7 Re8 20.Ba4 Rc8 21.Rac1 Rxc1
22.Rxc1 Nb6 23.Rc7 a5 24.Bb5 f5 25.Bc5 Na6 26.Bxa6 Rxa6 27.Rc6 Bxb2 28.Rxb6  1-0

[Event "ch-AUS 2011-12"]
[Site "North Geelong AUS"]
[Date "2012.01.03"]
[Round "7.4"]
[White "Dragicevic,Do"]
[Black "Ikeda,J"]
[Result "1/2-1/2"]
[WhiteElo "2247"]
[BlackElo "2349"]

1.e4 c5 2.Nf3 e6 3.d4 cxd4 4.Nxd4 a6 5.Bd3 Bc5 6.Nb3 Be7 7.Qg4 g6 8.Qe2 d6
9.O-O Nc6 10.c4 Nf6 11.Bh6 Ne5 12.h3 Nh5 13.f4 Nxd3 14.Qxd3 e5 15.Nc3 Nxf4
16.Bxf4 exf4 17.Nd5 Bg5 18.Rad1 O-O 19.Nxf4 Qf6 20.Qxd6 Qxb2 21.Rf2 Qf6 22.e5 Qxd6
23.exd6 Bd7 24.Nd5 Be6 25.Re2 Rad8 26.Nb6 Rfe8 27.Kf2 Rb8 28.d7 Red8 29.Nc5 Be7
30.Nxe6 fxe6 31.Rxe6 Bc5+ 32.Kg3 Kf7 33.Rde1 Bxb6 34.Rxb6 Rxd7 35.Reb1 Rc7
36.Rxa6 bxa6 37.Rxb8 Rxc4 38.Rb7+ Kg8 39.Rb2  1/2-1/2